Lands Tribunal: practice and procedure and guide to costs (Record no. 86940)

MARC details
000 -LEADER
fixed length control field 00496cam a2200193 4500
001 - CONTROL NUMBER
control field D8252
008 - FIXED-LENGTH DATA ELEMENTS--GENERAL INFORMATION
fixed length control field 090401t1961 xxu||||| |||| 00| 0 eng d
035 ## - SYSTEM CONTROL NUMBER
System control number (Sirsi) u12021
041 ## - LANGUAGE CODE
Language code of text/sound track or separate title eng
050 ## - LIBRARY OF CONGRESS CALL NUMBER
Classification number 347.4104
100 ## - MAIN ENTRY--PERSONAL NAME
Personal name Roach, R.F.C.
245 ## - TITLE STATEMENT
Title Lands Tribunal: practice and procedure and guide to costs
260 ## - PUBLICATION, DISTRIBUTION, ETC.
Place of publication, distribution, etc. London
Name of publisher, distributor, etc. Sweet & Maxwell
Date of publication, distribution, etc. 1961
300 ## - PHYSICAL DESCRIPTION
Extent xvii. 204p. 24cm
350 ## - PRICE (NR) (BK AM CF MU VM SE) [OBSOLETE]
Price 1.25
490 ## - SERIES STATEMENT
Series statement Current Law Practice Guide 2
942 ## - ADDED ENTRY ELEMENTS (KOHA)
Suppress in OPAC 0
948 ## - LOCAL PROCESSING INFORMATION (OCLC); SERIES PART DESIGNATOR (RLIN)
c (OCLC) 04/03/1997
Holdings
Withdrawn status Lost status Source of classification or shelving scheme Damaged status Not for loan Home library Current library Shelving location Date acquired Cost, normal purchase price Total Checkouts Full call number Barcode Date last seen Copy number Cost, replacement price Price effective from Koha item type
    Dewey Decimal Classification     London London Basement 14/09/1999 1.25   SHELF 203 30007392 06/08/2019 1 1.25 06/08/2019 Book